000 00569nam a22002177a 4500
003 OSt
005 20251005020003.0
008 141022b xxu||||| |||| 00| 0 eng d
020 _a9788122420050
020 _a151088334
040 _c040a
082 _a541
_bNEG 2007
100 _aNegi, A.S; Anand S.C
_91449
245 _aA Textbook of physical chemistry
250 _a2nd
260 _aNew Delhi
_bNew Age international
_c2007
300 _axix, 986p ;
_bill :
_c12 cm.
504 _aincludes index
650 _aphysical chemistry
_91450
942 _2ddc
_cSLOAN
_01
999 _c563
_d563